Strategic flexibility : (Record no. 2840)
[ view plain ]
| 000 -LEADER | |
|---|---|
| fixed length control field | 00873cam a2200157 a 4500 |
| 020 ## - INTERNATIONAL STANDARD BOOK NUMBER | |
| ISBN | 0669110337 |
| 050 ## - CALL NUMBER | |
| Classification number | HD58.8 |
| Item number | .H367 |
| 100 ## - AUTHOR | |
| Personal name | Harrigan, Kathryn Rudie |
| 245 ## - TITLE | |
| Title | Strategic flexibility : |
| Remainder of title | a management guide for changing times. |
| Statement of responsibility, etc | Kathryn Rudie Harrigan. |
| 260 ## - PUBLICATION INFORMATION | |
| Place of publication | Lexington, Mass. : |
| Name of publisher | Lexington Books, |
| Year of publication | 1985. |
| 300 ## - DESCRIPTION | |
| Number of Pages | xiv, 208 p. : |
| Other physical details | ill. ; |
| Dimensions | 24 cm. |
| 500 ## - NOTES | |
| General note | Includes index. |
| 505 ## - FORMATTED CONTENTS NOTE | |
| Table of Content | Chapter 1. Barriers to entry determine competitive strategies<br/>Chapter 2. Strategic commitment<br/>Chapter 3. The changing locus of competion<br/>Chapter 4. Strategies for vertical integration<br/>Chapter 5. Tests of the vertical-integration framework<br/>Chapter 6. Strategies for declining businesses<br/>Chapter 7. Measures of strategic-inflexibility exit barriers<br/>Chapter 8. Managing declining business |
| 650 ## - SUBJECTS | |
| Topical Term | Industrial management. |
| 942 ## - ADDED ENTRY ELEMENTS (KOHA) | |
| Koha item type | Books |
| Withdrawn status | Lost status | Home library | Current library | Shelving location | Date acquired | Full call number | Accession Number | Koha item type |
|---|---|---|---|---|---|---|---|---|
| Methodist University Library Tema | Methodist University Library Tema | General Stacks | 23/05/2011 | HD58.8 .H367 | 33552 | Books |